[Event "CP-2013-P-00056"]
[Site "LSS email"]
[Date "2013.09.30"]
[Round "?"]
[White "Cole, Steve"]
[Black "Sidenko, Anatoly Viktorovich"]
[Result "0-1"]
[WhiteElo "1434"]
[BlackElo "2289"]
[PlyCount "26"]
[EventDate "2013.10.01"]
[EventType "tourn (corr)"]
[EventRounds "6"]
[EventCountry "GER"]
[SourceTitle "Corr 2015"]
[Source "ChessBase"]
[SourceDate "2015.07.17"]
[SourceVersion "1"]
[SourceVersionDate "2015.07.17"]
[SourceQuality "1"]

1. e4 c5 2. Nf3 d6 3. d4 cxd4 4. Nxd4 Nf6 5. Nc3 a6 6. Be3 Ng4 7. Bg5 h6 8. Bh4 g5 9. Bg3 Bg7 10. h3 Ne5 11. Nf5 Bxf5 12. exf5 Nbd7 13. Be2 Rc8 0-1

[Event "CP-2013-P-00056"]
[Site "LSS email"]
[Date "2013.09.30"]
[Round "?"]
[White "Sidenko, Anatoly Viktorovich"]
[Black "Garcia Ramirez, Cristobal Jesus"]
[Result "1-0"]
[WhiteElo "2289"]
[BlackElo "1978"]
[PlyCount "71"]
[EventDate "2013.10.01"]
[EventType "tourn (corr)"]
[EventRounds "6"]
[EventCountry "GER"]
[SourceTitle "Corr 2015"]
[Source "ChessBase"]
[SourceDate "2015.07.17"]
[SourceVersion "1"]
[SourceVersionDate "2015.07.17"]
[SourceQuality "1"]

1. e4 c5 2. Nf3 d6 3. d4 cxd4 4. Nxd4 Nf6 5. Nc3 a6 6. f3 e5 7. Nb3 Be6 8. Be3 Be7 9. Qd2 h5 10. Nd5 Nxd5 11. exd5 Bf5 12. Be2 0-0 13. 0-0 Nd7 14. Na5 Qc7 15. Rac1 Nf6 16. b4 h4 17. c4 Rfe8 18. Rfd1 e4 19. c5 exf3 20. Bxf3 Ne4 21. Bxe4 Bxe4 22. h3 Qd7 23. Nc4 Rad8 24. Nb6 Qc7 25. Bf4 Qb8 26. Re1 f5 27. Qf2 Qa7 28. c6 bxc6 29. dxc6 Rb8 30. Rxe4 fxe4 31. Nd5 Qxf2+ 32. Kxf2 Rbc8 33. c7 g5 34. Bh2 Kf7 35. Nb6 Ke6 36. a4 1-0

[Event "CP-2010-S-00002"]
[Site "LSS email"]
[Date "2013.05.01"]
[Round "?"]
[White "Sidenko, Anatoly Viktorovich"]
[Black "Dolgov, Igor Mikhailovich"]
[Result "1/2-1/2"]
[WhiteElo "2290"]
[BlackElo "2409"]
[PlyCount "59"]
[EventDate "2013.05.05"]
[EventType "tourn (corr)"]
[EventRounds "7"]
[EventCountry "GER"]
[SourceTitle "Telechess CBM 167"]
[Source "ChessBase"]
[SourceDate "2015.07.13"]
[SourceVersion "1"]
[SourceVersionDate "2015.07.13"]
[SourceQuality "1"]

1. e4 c5 2. Nf3 Nf6 3. e5 Nd5 4. Nc3 Nxc3 5. dxc3 Nc6 6. Bc4 e6 7. Bf4 Qc7 8. 0-0 h6 9. Re1 b6 10. Nd2 d5 11. exd6 Bxd6 12. Bxd6 Qxd6 13. Bb5 0-0 14. Ne4 Qc7 15. Qd6 Qxd6 16. Nxd6 Bd7 17. Rad1 a6 18. Be2 Ra7 19. g3 Rb8 20. f4 Ne7 21. Nc4 Bb5 22. Ne3 Kf8 23. Kf2 Rd7 24. Rxd7 Bxd7 25. Rd1 Bb5 26. Bxb5 axb5 27. a3 Nf5 28. Nxf5 exf5 29. Rd5 g6 30. Rd7 1/2-1/2

[Event "WC-2015-Q-00019"]
[Site "LSS email"]
[Date "2012.09.11"]
[Round "?"]
[White "Sidenko, Anatoly Viktorovich"]
[Black "Malashenkov, Alexei"]
[Result "1/2-1/2"]
[WhiteElo "2310"]
[BlackElo "2317"]
[PlyCount "120"]
[EventDate "2012.09.17"]
[EventType "tourn (corr)"]
[EventRounds "10"]
[EventCountry "GER"]
[SourceTitle "Telechess CBM 163"]
[Source "ChessBase"]
[SourceDate "2014.11.11"]
[SourceVersion "2"]
[SourceVersionDate "2014.11.11"]
[SourceQuality "1"]

1. e4 e5 2. Nf3 Nc6 3. Bc4 Bc5 4. c3 Nf6 5. d3 d6 6. 0-0 a6 7. a4 0-0 8. b4 Ba7 9. Re1 Ne7 10. Nbd2 Ng6 11. d4 Be6 12. Bxe6 fxe6 13. Nf1 Qe7 14. Ng3 h6 15. h3 Nd7 16. Be3 Rf7 17. Nh2 Raf8 18. Qc2 Nb6 19. Qb3 exd4 20. cxd4 d5 21. Ng4 Nc4 22. exd5 exd5 23. Bxh6 Qh4 24. Qd3 Nf4 25. Bxf4 Rxf4 26. Ra2 Qg5 27. Ne2 Re4 28. Rf1 Qe7 29. b5 c6 30. bxc6 bxc6 31. a5 Bb8 32. g3 Ba7 33. Kg2 Qe6 34. Ne5 Nxe5 35. dxe5 Qxe5 36. Qxa6 Qe7 37. Nf4 Qf7 38. Qxc6 g5 39. Nxd5 Rd4 40. Nf6+ Qxf6 41. Qxf6 Rxf6 42. Rb1 Rd7 43. Rb5 Rg7 44. a6 Rff7 45. Rb4 Rg6 46. Rg4 Kh7 47. h4 Rgf6 48. Kh3 gxh4 49. Rxh4+ Kg7 50. Rg4+ Kf8 51. f4 Be3 52. Rg5 Ra7 53. Rga5 Bb6 54. R5a4 Bc5 55. g4 Be3 56. Kg3 Kg8 57. g5 Bxf4+ 58. Rxf4 Raxa6 59. Rfa4 Rxa4 60. Rxa4 Rg6 1/2-1/2

[Event "ST-2012-0-00102"]
[Site "LSS email"]
[Date "2012.09.05"]
[Round "?"]
[White "Sidenko, Anatoly Viktorovich"]
[Black "Clement, George"]
[Result "1/2-1/2"]
[WhiteElo "2310"]
[BlackElo "2315"]
[PlyCount "106"]
[EventDate "2012.08.03"]
[EventType "tourn (corr)"]
[EventRounds "6"]
[EventCountry "GER"]
[SourceTitle "Telechess CBM 161"]
[Source "ChessBase"]
[SourceDate "2014.07.16"]
[SourceVersion "1"]
[SourceVersionDate "2014.07.16"]
[SourceQuality "1"]

1. d4 Nf6 2. c4 e6 3. Nc3 d5 4. Nf3 Be7 5. Bf4 0-0 6. e3 c5 7. dxc5 Bxc5 8. a3 Nc6 9. Qc2 Qa5 10. Rd1 Be7 11. Be2 Ne4 12. cxd5 Nxc3 13. Qxc3 Qxc3+ 14. bxc3 exd5 15. Rxd5 Bxa3 16. Nd4 a5 17. Kd2 a4 18. Rb5 Ra7 19. Ra1 Be7 20. Rb6 Rd8 21. Bd3 Na5 22. Rbb1 a3 23. Bc7 Rd7 24. Bb6 Ra8 25. Rb5 Nc6 26. Kc2 g6 27. Be4 Rd6 28. Bc7 Rf6 29. f3 Ra7 30. Bb6 Ra8 31. Bxc6 bxc6 32. Re5 Kf8 33. Bc5 Bxc5 34. Rxc5 Rd6 35. Nxc6 Bd7 36. Nd4 Rb6 37. Ra2 Ba4+ 38. Kd3 Be8 39. e4 Rb1 40. Rc4 Rd1+ 41. Ke3 Rc1 42. Rb4 Rxc3+ 43. Kd2 Rc5 44. Rb3 Rh5 45. h3 Rha5 46. Nc2 Bb5 47. Rc3 Bf1 48. Ne3 Bb5 49. h4 f5 50. Nc2 Bf1 51. exf5 Bxg2 52. fxg6 hxg6 53. Raxa3 Rxa3 1/2-1/2

[Event "ST-2012-0-00099"]
[Site "LSS email"]
[Date "2012.08.20"]
[Round "?"]
[White "Sidenko, Anatoly Viktorovich"]
[Black "Schuster, Peter"]
[Result "1-0"]
[WhiteElo "2310"]
[BlackElo "2391"]
[PlyCount "79"]
[EventDate "2012.04.22"]
[EventType "tourn (corr)"]
[EventRounds "6"]
[EventCountry "GER"]
[SourceTitle "Telechess CBM 161"]
[Source "ChessBase"]
[SourceDate "2014.07.16"]
[SourceVersion "1"]
[SourceVersionDate "2014.07.16"]
[SourceQuality "1"]

1. e4 e6 2. d4 d5 3. Nc3 Bb4 4. e5 c5 5. a3 Bxc3+ 6. bxc3 Ne7 7. Qg4 0-0 8. Bd3 f5 9. exf6 Rxf6 10. Bg5 Rf7 11. Qh5 g6 12. Qd1 Nbc6 13. Nf3 Qf8 14. 0-0 c4 15. Be2 h6 16. Bc1 Bd7 17. a4 Rd8 18. Qd2 g5 19. h4 gxh4 20. Nxh4 Kh7 21. Bh5 Rf6 22. g3 Nf5 23. Nxf5 Rxf5 24. Qe2 e5 25. Be3 Qg7 26. Kg2 exd4 27. cxd4 Rf6 28. Rh1 Rdf8 29. Qd2 Ne7 30. Rae1 Bg4 31. Bxh6 Rxf2+ 32. Qxf2 Rxf2+ 33. Kxf2 Qf6+ 34. Bf4 Bxh5 35. Rxh5+ Kg7 36. Kg2 Ng6 37. Be5 Nxe5 38. Rexe5 Kg6 39. c3 Qc6 40. Reg5+ 1-0

[Event "ST-2012-0-00098"]
[Site "LSS email"]
[Date "2012.08.01"]
[Round "?"]
[White "Steinke, Ruediger"]
[Black "Sidenko, Anatoly Viktorovich"]
[Result "1/2-1/2"]
[WhiteElo "2214"]
[BlackElo "2309"]
[PlyCount "51"]
[EventDate "2012.04.09"]
[EventType "tourn (corr)"]
[EventRounds "6"]
[EventCountry "GER"]
[SourceTitle "Telechess CBM 163"]
[Source "ChessBase"]
[SourceDate "2014.11.11"]
[SourceVersion "2"]
[SourceVersionDate "2014.11.11"]
[SourceQuality "1"]

1. e4 e5 2. Nf3 Nc6 3. Bb5 a6 4. Ba4 Nf6 5. 0-0 Be7 6. Re1 b5 7. Bb3 d6 8. c3 0-0 9. h3 Bb7 10. d4 Re8 11. Nbd2 Bf8 12. a3 h6 13. Bc2 Nb8 14. b3 Nbd7 15. Bb2 c6 16. Bd3 g6 17. a4 Nh5 18. g3 Bg7 19. Qc2 Rc8 20. Bf1 Qb6 21. Qd3 Nhf6 22. dxe5 Nxe5 23. Nxe5 dxe5 24. Nf3 Rcd8 25. Qc2 c5 26. axb5 1/2-1/2

[Event "ST-2012-0-00098"]
[Site "LSS email"]
[Date "2012.07.07"]
[Round "?"]
[White "Sidenko, Anatoly Viktorovich"]
[Black "Szabo, Vilmos"]
[Result "1/2-1/2"]
[WhiteElo "2309"]
[BlackElo "2317"]
[PlyCount "75"]
[EventDate "2012.04.09"]
[EventType "tourn (corr)"]
[EventRounds "6"]
[EventCountry "GER"]
[SourceTitle "Telechess CBM 163"]
[Source "ChessBase"]
[SourceDate "2014.11.11"]
[SourceVersion "2"]
[SourceVersionDate "2014.11.11"]
[SourceQuality "1"]

1. d4 Nf6 2. c4 e6 3. Nf3 b6 4. g3 Ba6 5. Qa4 Bb7 6. Bg2 c5 7. dxc5 Bxc5 8. 0-0 a5 9. Nc3 0-0 10. Bf4 d6 11. Rad1 Qe7 12. Bg5 Nbd7 13. Nd4 Bxg2 14. Kxg2 h6 15. Nc6 Qe8 16. Bxf6 Nxf6 17. Nd4 Qe7 18. a3 Qb7+ 19. Qc6 Qa6 20. Ndb5 Rac8 21. Qf3 d5 22. cxd5 Nxd5 23. a4 Nxc3 24. bxc3 Rfd8 25. Rd3 Qa8 26. Rfd1 Qxf3+ 27. Kxf3 Be7 28. Rxd8+ Rxd8 29. Rxd8+ Bxd8 30. Ke4 Kf8 31. Kd3 Ke7 32. Kc4 Kd7 33. Nd4 Kc7 34. Kb5 Bf6 35. e3 h5 36. h3 Be5 37. c4 Bf6 38. Nf3 1/2-1/2

[Event "ST-2012-0-00099"]
[Site "LSS email"]
[Date "2012.06.05"]
[Round "?"]
[White "Dos Santos, Marcos Antonio Melo"]
[Black "Sidenko, Anatoly Viktorovich"]
[Result "1/2-1/2"]
[WhiteElo "2294"]
[BlackElo "2310"]
[PlyCount "56"]
[EventDate "2012.04.22"]
[EventType "tourn (corr)"]
[EventRounds "6"]
[EventCountry "GER"]
[SourceTitle "Telechess CBM 161"]
[Source "ChessBase"]
[SourceDate "2014.07.16"]
[SourceVersion "1"]
[SourceVersionDate "2014.07.16"]
[SourceQuality "1"]

1. d4 Nf6 2. c4 e6 3. Nc3 Bb4 4. Qc2 0-0 5. a3 Bxc3+ 6. Qxc3 b6 7. Bg5 Bb7 8. f3 h6 9. Bh4 d5 10. e3 Nbd7 11. cxd5 Nxd5 12. Bxd8 Nxc3 13. Bh4 Nd5 14. Bf2 c5 15. e4 Ne7 16. Ne2 f5 17. exf5 Nxf5 18. dxc5 Nxc5 19. Nc3 Rfd8 20. Rd1 Rxd1+ 21. Kxd1 Nb3 22. Bc4 Rd8+ 23. Ke1 Nbd4 24. Bxd4 Nxd4 25. Kf2 Kf7 26. Rd1 Kf6 27. Nb5 Ba6 28. Rxd4 Rxd4 1/2-1/2

[Event "CP-2009-S-00001"]
[Site "LSS email"]
[Date "2012.05.08"]
[Round "?"]
[White "Podvoysky, Evgeny Borisovich"]
[Black "Sidenko, Anatoly Viktorovich"]
[Result "1/2-1/2"]
[WhiteElo "2199"]
[BlackElo "2310"]
[PlyCount "92"]
[EventDate "2012.05.11"]
[EventType "tourn (corr)"]
[EventRounds "6"]
[EventCountry "GER"]
[SourceTitle "Telechess CBM 161"]
[Source "ChessBase"]
[SourceDate "2014.07.16"]
[SourceVersion "1"]
[SourceVersionDate "2014.07.16"]
[SourceQuality "1"]

1. d4 Nf6 2. c4 e6 3. g3 d5 4. Nf3 dxc4 5. Bg2 a6 6. Ne5 c5 7. Na3 cxd4 8. Naxc4 Bc5 9. 0-0 0-0 10. Bd2 Nd5 11. Rc1 f6 12. Nd3 Ba7 13. Ba5 Qe7 14. Bxd5 exd5 15. Nb6 Bxb6 16. Bxb6 Re8 17. Nf4 Nc6 18. Bxd4 Qf7 19. e3 Bf5 20. f3 g5 21. Ne2 Bh3 22. Re1 Ne5 23. Nc3 Rad8 24. Rc2 b5 25. Rd2 b4 26. Na4 g4 27. Bxe5 fxe5 28. f4 exf4 29. gxf4 Qf6 30. Nc5 d4 31. a3 Kh8 32. exd4 Qxf4 33. Nd3 Qg5 34. Rxe8+ Rxe8 35. Re2 Rf8 36. Rf2 Rd8 37. Rf4 bxa3 38. bxa3 Re8 39. Qa4 Qg6 40. Qd1 Qd6 41. Qc1 Qd5 42. Qc2 Kg8 43. Qf2 Qb3 44. Qd2 Kh8 45. Kf2 Qxa3 46. Ne5 Rf8 1/2-1/2

[Event "CP-2009-S-00001"]
[Site "LSS email"]
[Date "2012.05.08"]
[Round "?"]
[White "Truyens, Aime"]
[Black "Sidenko, Anatoly Viktorovich"]
[Result "1/2-1/2"]
[WhiteElo "2277"]
[BlackElo "2310"]
[PlyCount "72"]
[EventDate "2012.05.11"]
[EventType "tourn (corr)"]
[EventRounds "6"]
[EventCountry "GER"]
[SourceTitle "Telechess CBM 161"]
[Source "ChessBase"]
[SourceDate "2014.07.16"]
[SourceVersion "1"]
[SourceVersionDate "2014.07.16"]
[SourceQuality "1"]

1. c4 e5 2. g3 Nc6 3. Nc3 Bc5 4. Bg2 Nf6 5. Nf3 d6 6. d3 0-0 7. 0-0 Re8 8. a3 a5 9. e3 h6 10. b3 Bb6 11. Bb2 Bg4 12. h3 Bf5 13. Kh2 Bh7 14. d4 exd4 15. Nxd4 Nxd4 16. exd4 Ne4 17. Nxe4 Bxe4 18. Re1 Bxg2 19. Kxg2 Rxe1 20. Qxe1 Qd7 21. Qc3 Re8 22. Rc1 Qf5 23. Qf3 Qxf3+ 24. Kxf3 c6 25. d5 cxd5 26. cxd5 Bc5 27. Bc3 Bxa3 28. Ra1 Rc8 29. Bxa5 Bb2 30. Ra4 Rc5 31. Ke4 f5+ 32. Kxf5 Rxd5+ 33. Ke4 Rb5 34. Bb4 d5+ 35. Kd3 Bf6 36. f4 Rb6 1/2-1/2